Statistics for If Colombia Is Morocco...

Click here to take the quiz!

General Stats

  • This quiz has been taken 21,889 times
    (20,681 since last reset)
  • The average score is 12 of 16

Answer Stats

HintAnswer% Correct
If South Sudan is South KoreaSudan is {North} {Korea}
99%
If Haiti is PortugalThe Dominican Republic is {Spain}
94%
If China is the United StatesMongolia is {Canada}
93%
If Lesotho is San MarinoSouth Africa is {Italy}
93%
If Rwanda is EstoniaBurundi is {Latvia}
89%
If Jamaica is MaltaThe United States is {Italy}
79%
If China is IndiaTaiwan is {Sri} {Lanka}
78%
If Hispaniola is New GuineaThe Dominican Republic is {Papua} {New} {Guinea}
78%
If Australia is AfricaNew Zealand is {Madagascar}
75%
If Norway is SlovakiaSweden is {Hungary}
75%
If Pakistan is UkraineAfghanistan is {Belarus}
72%
If Oman is TogoYemen is {Ghana}
71%
If Bhutan is MoldovaIndia is {Romania}
70%
If Vietnam is SomaliaCambodia is {Kenya}
67%
If Lake Victoria is the Caspian SeaTanzania is {Iran}
58%
If California is British ColumbiaArizona is {Alberta}
54%

Score Distribution

Percentile by Number Answered

Percent of People with Each Score

Your Score History

You have not taken this quiz since the last reset